| 000 | 01080nam a22002537a 4500 | ||
|---|---|---|---|
| 001 | 81777 | ||
| 003 | BD-RjUL | ||
| 005 | 20230831105027.0 | ||
| 008 | 230826s2021 bg a|||| m||| 00| 0 eng d | ||
| 035 | _a(BD-RjUL)81777 | ||
| 040 |
_aBD-RjUL _beng _cBD-RjUL _dBD-RjUL |
||
| 041 | _aeng | ||
| 082 |
_223 _a677.21 _bSAM 2021 |
||
| 100 |
_aSaha, Joykrisna _98585 |
||
| 245 | 1 | 0 |
_aModification of cotton fabric with natural antimicrobial agents for ecofriendly protective textiles / _cBy Joykrisna Saha ; _6Supervisor : Md. Ibrahim H. Mondal, Co-Supervisor : Md. Rezaul Karim Sheikh, |
| 260 |
_aRajshahi : _bDepartment of Applied Chemistry & Chemical Engineering, University of Rajshahi, _c2021 |
||
| 300 |
_axvii, 153 leaves : _bill, ; _c29.cm. |
||
| 502 | _aThesis (Ph. D.) -- Department of Applied Chemistry & Chemical Engineering, University of Rajshahi, 2021 | ||
| 504 | _aReferences : Leaves 136 -141 | ||
| 650 |
_aCotton _vTextiles _98586 |
||
| 700 |
_aMondal, Md. Ibrahim H. Supervisor _93989 |
||
| 700 |
_aSheikh, Md. Rezaul Karim, Co-Supervisor _98587 |
||
| 942 |
_2ddc _cTHE |
||
| 999 |
_c81777 _d81777 |
||